Literal Translation of Country Names: Asia - Statistics

General Stats
  • This quiz has been taken 48 times
  • The average score is 28 of 48
Answer Stats
Hint Answer % Correct
Kingdom of three Laos Laos
100%
Land of the Mongols Mongolia
98%
Land of Oman Oman
98%
Land of the free Thais Thailand
98%
Land of the Rus' Russia
95%
Land of the Syrians Syria
95%
United Arab kingdom United Arab Emirates
95%
Land of the free Uzbeks Uzbekistan
95%
Viets of the south Vietnam
95%
Home of the Tajiks Tajikistan
93%
Land of the Turkmen Turkmenistan
93%
Land of the Bengalis Bangladesh
91%
Country of the river Indus India
91%
Land of the rising sun Japan
88%
Land of the thunder dragon Bhutan
77%
Land of the Aryans Iran
77%
Land of Prince Philip of Asurias Philippines
77%
Lion city Singapore
77%
Middle kingdom China
74%
Indian islands Indonesia
72%
The country looked after by Ne Nepal
65%
Garland of islands Maldives
63%
High and beautiful to the north North Korea
60%
High and beautiful to the south South Korea
60%
Island of copper Cyprus
56%
We that striveth with God Israel
56%
Blessed island Sri Lanka
56%
Land of Hayk Armenia
40%
Country of the south Yemen
37%
Land of the wolves Georgia
35%
The fortress Kuwait
35%
Protected by fire Azerbaijan
33%
The two seas Bahrain
33%
Land in the east East Timor
33%
Pure country Pakistan
33%
Land of tar Qatar
33%
Mountainous country Afghanistan
30%
Place where one stands Kazakhstan
28%
Land of the wanderers Kyrgyzstan
28%
Land of strength Turkey
28%
Beside the water Iraq
21%
Descend to the sea Jordan
21%
White peaks Lebanon
21%
Mountain city Malaysia
21%
Swift and strong Myanmar
21%
There Brunei
19%
The city Cambodia
16%
Land of good fortune Saudi Arabia
16%
No matching quizzes found
Score Distribution
Percent of People with Each Score
Percentile by Number Answered
Your Score History
You have not taken this quiz